000 00508nam a2200157Ia 4500
008 210716s2009 xx 000 0 und d
020 _a9788132100881
041 _aeng
082 _a658.409 WERW
100 _aWerther, William B;Chandler, David.
245 _aStrategic corporate social responsibility: stakeholders in a global environment.
_bStakeholders in a global environment.
250 _a1
260 _aNew Delhi
_bSage Publications
_c2009
300 _axxiv,356
650 _aStrategic Management
999 _c205902
_d205902